000 00371nam a2200145Ia 4500
005 20240814115851.0
008 240813s9999||||xx |||||||||||||| ||und||
082 _a030 GOL (R-E)
100 _aParker, Bertha Morris
245 0 _aGolden book encyclopedia
260 _aNew York
_bSimon and Schuster
_c1959
300 _a195-288p.
650 _aEncyclopaedias
942 _cBK
999 _c5201
_d5201